[Event "Paracin-ch"]
[Site "Paracin"]
[Date "2016.01.23"]
[Round "6"]
[White "Mijajlovic, Jovan"]
[Black "Stojanov, Jovan"]
[Result "0-1"]
[WhiteElo "1922"]
[BlackElo "2204"]
[PlyCount "65"]
[EventDate "2016.01.19"]
[EventType "swiss"]
[EventRounds "9"]
[EventCountry "SRB"]
[SourceTitle "CBM 170 Extra"]
[Source "ChessBase"]
[SourceDate "2016.02.25"]
[SourceVersion "1"]
[SourceVersionDate "2016.02.25"]
[SourceQuality "1"]

1. c4 Nf6 2. Nf3 e6 3. d4 Bb4+ 4. Bd2 Qe7 5. Nc3 0-0 6. Qc2 d6 7. e4 e5 8. dxe5 dxe5 9. Nd5 Nxd5 10. cxd5 c6 11. Bc4 Bg4 12. a3 Bc5 13. Bc3 Bxf3 14. gxf3 cxd5 15. Bxd5 Nc6 16. Bxc6 bxc6 17. b4 Bb6 18. 0-0 Rad8 19. Kh1 Rd6 20. Rg1 Rfd8 21. Rac1 Rb8 22. Rg3 g6 23. a4 a5 24. bxa5 Ba7 25. Be1 c5 26. Rb1 Qe6 27. Kg2 c4 28. h4 c3 29. Rb3 Rd1 30. Qxc3 Rxe1 31. Qxe1 Qxb3 32. f4 Qc2 33. f5 0-1

[Event "FRM-chT 19th"]
[Site "Struga"]
[Date "2010.08.11"]
[Round "3"]
[White "Stojanov, Jovan"]
[Black "Micov, Vladimir"]
[Result "1/2-1/2"]
[WhiteElo "2209"]
[BlackElo "2268"]
[PlyCount "70"]
[EventDate "2010.08.09"]
[EventType "team"]
[EventRounds "7"]
[EventCountry "MKD"]
[SourceTitle "CBM 137 Extra"]
[Source "ChessBase"]
[SourceDate "2010.09.01"]
[SourceVersion "1"]
[SourceVersionDate "2010.09.01"]
[SourceQuality "1"]

1. d4 Nf6 2. Bg5 c5 3. Bxf6 gxf6 4. d5 Qb6 5. Qc1 Bh6 6. e3 d6 7. Nd2 Qa5 8. a4 Nd7 9. Ngf3 Ne5 10. Nxe5 fxe5 11. c3 Bf5 12. Be2 Rg8 13. g4 Bd7 14. Qc2 Rh8 15. h3 Bg7 16. Bd3 h6 17. Nc4 Qc7 18. Bf5 Bf6 19. Ke2 h5 20. Bxd7+ Qxd7 21. Qf5 hxg4 22. hxg4 Rxh1 23. Rxh1 Qxf5 24. gxf5 Kd7 25. Nd2 Rh8 26. Rxh8 Bxh8 27. Kd3 Bf6 28. Ne4 Bh4 29. Kc4 Kc7 30. b4 cxb4 31. Kxb4 Kd7 32. c4 Kc7 33. a5 Kd7 34. Ka4 Kc7 35. Kb5 Kd7 1/2-1/2

[Event "IECC CL1-2000.05"]
[Site "IECC email"]
[Date "1999.12.06"]
[Round "?"]
[White "Stojanov, Jovan"]
[Black "Katz, Rafael Marcos"]
[Result "0-1"]
[WhiteElo "2173"]
[BlackElo "2206"]
[PlyCount "76"]
[EventDate "2000.??.??"]
[EventType "tourn (corr)"]
[EventRounds "4"]
[SourceTitle "Corr 2008"]
[Source "ChessBase"]
[SourceDate "2008.06.24"]
[SourceVersion "1"]
[SourceVersionDate "2008.06.24"]
[SourceQuality "1"]

1. e4 c6 2. d4 d5 3. exd5 cxd5 4. c4 Nf6 5. Nc3 Nc6 6. Nf3 Bg4 7. cxd5 Nxd5 8. Qb3 Bxf3 9. gxf3 Nb6 10. d5 Nd4 11. Bb5+ Nd7 12. Qa4 Nxb5 13. Qxb5 Qc7 14. Be3 a6 15. Qa4 Rd8 16. 0-0 Qd6 17. Bf4 Qg6+ 18. Bg3 b5 19. Qf4 h5 20. h4 Qf6 21. Qe3 Qg6 22. a3 e6 23. Rfe1 Bc5 24. Qg5 Qxg5 25. hxg5 h4 26. Bc7 Rc8 27. Bf4 Bd4 28. dxe6 Nc5 29. exf7+ Kxf7 30. Rad1 Bxc3 31. bxc3 Rhd8 32. Bd6 Ne6 33. f4 Rc6 34. Be5 Rxd1 35. Rxd1 Kg6 36. Rd7 Kf5 37. Rf7+ Kg6 38. Kg2 Kxf7 0-1